Feminism : (Record no. 10819)

MARC details
000 -LEADER
fixed length control field 00596cam a2200229ua 4500
008 - FIXED-LENGTH DATA ELEMENTS--GENERAL INFORMATION
fixed length control field 200210n ii |||gr||||Z||||||eng
020 ## - INTERNATIONAL STANDARD BOOK NUMBER
International Standard Book Number 9789382976424
040 ## - CATALOGING SOURCE
Transcribing agency MAIN
041 ## - LANGUAGE CODE
-- eng
082 ## - DEWEY DECIMAL CLASSIFICATION NUMBER
Classification number 305.4
100 ## - MAIN ENTRY--PERSONAL NAME
Personal name Tanusree Sarkar,
Relator term
245 ## - TITLE STATEMENT
Title Feminism :
Remainder of title theory and practice /
Statement of responsibility, etc. By Tanusree Sarkar & others .
250 ## - EDITION STATEMENT
Edition statement 1st ed.
260 ## - PUBLICATION, DISTRIBUTION, ETC.
Place of publication, distribution, etc. Golaghat:
Name of publisher, distributor, etc. Saraswati prakashan,
Date of publication, distribution, etc. 2020.
300 ## - PHYSICAL DESCRIPTION
Extent 349p.
700 ## - ADDED ENTRY--PERSONAL NAME
Personal name Jhuma Das,
Relator term
700 ## - ADDED ENTRY--PERSONAL NAME
Personal name Suman Sahu,
Relator term
942 ## - ADDED ENTRY ELEMENTS (KOHA)
Koha item type Books
653 ## - INDEX TERM--UNCONTROLLED
Uncontrolled term Social groups
653 ## - INDEX TERM--UNCONTROLLED
Uncontrolled term Women studies
Holdings
Withdrawn status Lost status Damaged status Not for loan Home library Current library Shelving location Date acquired Total Checkouts Full call number Barcode Date last seen Date last checked out Copy number Price effective from Koha item type
        Central Library, Naharkatiya College Central Library, Naharkatiya College General Stacks 19/09/2020 7 305.4Women studies | SAR 28163 16/05/2023 09/05/2023 1 19/09/2020 Books
        Central Library, Naharkatiya College Central Library, Naharkatiya College General Stacks 19/09/2020 1 305.4Women studies | SAR 28164 18/04/2023 31/03/2023 2 19/09/2020 Books
        Central Library, Naharkatiya College Central Library, Naharkatiya College General Stacks 19/09/2020   305.4Women studies | SAR 28165 19/09/2020   3 19/09/2020 Books

Naharkatiya College © 2020. All rights reserved.

Powered By